000 00582nam a2200205Ia 4500
003 OSt
005 20251215162207.0
008 220923b |||||||| |||| 00| 0 urd d
020 _a40
037 _cTB
040 _aARTS
_cARTS
_burd
041 _2urd
_aurd
100 _aMughni, Abdul
_9194635
245 0 _aQurutul Ain Haider ka fun
260 _aNew Delhi, India:
_b Modern publishing house,
_c1985.
365 _b125.00
_cINR
650 _aURDU FICTION
_93298
942 _hO168,3N27:g M5
_cTB
_2CC
_n0
999 _c418160
_d418160